000 00352nam a22001217a 4500
008 230609b xxu||||| |||| 00| 0 eng d
082 _a332.67KNA
100 _cGovernment of Kenya
245 _aThirteenth Report of the Public Investments Committee on the Accounts of State Corporations
260 _aKenya
_bGOK
_c2006
300 _a747p
942 _2ddc
_cBK
999 _c981
_d981